000 00320nam a2200133 i 4500
001 bg
100 1 _aHERING, Mieczysław
245 0 _aTermokinetyka dla elektryków /
_cMieczysław Hering.
260 _aWarszawa,
_c1980.
040 _cBPK
041 _apol
942 _cKS
008 s pl f |000 0 pol
999 _c19684
_d19684
856 _uhttp://koha.tu.koszalin.pl/cgi-bin/koha/opac-detail.pl?biblionumber=19684
_yKatalog online BPK